书目信息 |
| 题名: |
影视镜头前的表演艺术
|
|
| 作者: | 龚佳丽 著 | |
| 分册: | ||
| 出版信息: | 北京 中国纺织出版社 2018 |
|
| 页数: | 161页 | |
| 开本: | 21cm | |
| 丛书名: | ||
| 单 册: | ||
| 中图分类: | J912 | |
| 科图分类: | ||
| 主题词: | 电影表演--Dian Ying Biao Yan--表演艺术 , 影视艺术--Ying Shi Yi Shu--表演艺术 | |
| 电子资源: | ||
| ISBN: | 978-7-5180-5507-4 | |
| 000 | 01189nam0 2200277 450 | |
| 001 | 012001006597 | |
| 005 | 20140101100904.0 | |
| 010 | @a978-7-5180-5507-4@dCNY45.00 | |
| 099 | @aCAL 012019041724 | |
| 100 | @a20190404d2018 em y0chiy50 ea | |
| 101 | 0 | @achi |
| 102 | @aCN@b110000 | |
| 105 | @ay a 000yy | |
| 106 | @ar | |
| 200 | 1 | @a影视镜头前的表演艺术@Aying shi jing tou qian de biao yan yi shu@f龚佳丽著 |
| 210 | @a北京@c中国纺织出版社@d2018 | |
| 215 | @a161页@d21cm | |
| 314 | @a龚佳丽,女,中国传媒大学文学学士,北京大学艺术学硕士;现为北京开放大学戏剧影视表演专业讲师。在《当代电视》《电影评介》等专业核心刊物上发表论文数十篇。 | |
| 320 | @a有书目 (第159-161页) | |
| 330 | @a本书从镜前表演的特性出发,主要论述了影视与戏剧表演的异同、镜头前的表演创作、影视表演中的人物塑造、影视表演的教学研究以及影视表演的美学思考。本书在总结影视表演教学存在的问题的前提下,提出了建设性的改善教育教学质量的建议,希望对相关从业者和学生给予启发。 | |
| 606 | 0 | @a电影表演@ADian Ying Biao Yan@x表演艺术 |
| 606 | 0 | @a影视艺术@AYing Shi Yi Shu@x表演艺术 |
| 690 | @aJ912@v5 | |
| 701 | 0 | @a龚佳丽@Agong jia li@4著 |
| 801 | 0 | @aCN@b上海新华@c20191020 |
| 905 | @b1131904-7@dJ912@e362@f4 | |
| 影视镜头前的表演艺术/龚佳丽著.-北京:中国纺织出版社,2018 |
| 161页;21cm |
| ISBN 978-7-5180-5507-4:CNY45.00 |
| 本书从镜前表演的特性出发,主要论述了影视与戏剧表演的异同、镜头前的表演创作、影视表演中的人物塑造、影视表演的教学研究以及影视表演的美学思考。本书在总结影视表演教学存在的问题的前提下,提出了建设性的改善教育教学质量的建议,希望对相关从业者和学生给予启发。 |
| ● |
| 相关链接 |
|
|
|
|
正题名:影视镜头前的表演艺术
索取号:J912/362
 
预约/预借
| 序号 | 登录号 | 条形码 | 馆藏地/架位号 | 状态 | 备注 |
| 1 | 1131904 | 211319045 | 第一样本阅览室/ [索取号:J912/362] | 在馆 | |
| 2 | 1131905 | 211319054 | 第一借阅区/ [索取号:J912/362] | 在馆 | |
| 3 | 1131906 | 211319063 | 第一借阅区/ [索取号:J912/362] | 在馆 | |
| 4 | 1131907 | 211319072 | 第一借阅区/ [索取号:J912/362] | 在馆 |